[Event "Women's Speed Chess Q3"]
[Site "chess.com INT"]
[Date "2021.05.30"]
[Round "14"]
[White "Marjanovic, Annamaria"]
[Black "Zhuravleva, Olga"]
[Result "1-0"]
[WhiteTitle "WGM"]
[BlackTitle "WIM"]
[WhiteElo "2338"]
[BlackElo "2278"]
[WhiteFideId "750930"]
[BlackFideId "4145933"]
[EventDate "2021.05.30"]

1. c4 e5 2. g3 Nf6 3. Bg2 d5 4. cxd5 Nxd5 5. Nc3 Nb6 6. Nf3 Nc6 7. d3 Be7 8. O-O
O-O 9. a3 Re8 10. b4 a6 11. Bb2 Bf8 12. Rc1 Bg4 13. h3 Bh5 14. Ne4 Nd4 15. Nxd4
exd4 16. g4 Bg6 17. Nc5 Bxc5 18. bxc5 Nd5 19. Bxd4 Nf4 20. Be3 Nxg2 21. Kxg2
Qd5+ 22. Kg1 h5 23. Qa4 hxg4 24. hxg4 Re5 25. Qc4 Qd7 26. Qf4 Rae8 27. Rc4 Qd5
28. Rb1 R5e6 29. Qd4 Qc6 30. Qf4 Rf6 31. Qg3 Rfe6 32. Qg2 Qxg2+ 33. Kxg2 b5 34.
cxb6 cxb6 35. Rxb6 Rxb6 36. Bxb6 Rxe2 37. Rc8+ Kh7 38. d4 Be4+ 39. Kg3 Ra2 40.
Bc5 Rb2 41. Re8 Bc6 42. Re3 Rb1 43. Rd3 g5 44. f3 Bd5 45. Rd2 Rb3 46. Rf2 Kg6
47. Kg2 f5 48. Kg3 f4+ 49. Kg2 Rc3 50. Rf1 1-0

[Event "Women's Speed Chess Q3"]
[Site "chess.com INT"]
[Date "2021.05.30"]
[Round "14"]
[White "Osmak, Iulija"]
[Black "Paehtz, Elisabeth"]
[Result "0-1"]
[WhiteTitle "IM"]
[BlackTitle "IM"]
[WhiteElo "2425"]
[BlackElo "2456"]
[WhiteFideId "14101602"]
[BlackFideId "4641833"]
[EventDate "2021.05.30"]

1. b4 g6 2. Bb2 Nf6 3. e3 Bg7 4. Nf3 d6 5. d4 O-O 6. c4 Nbd7 7. Be2 Re8 8. O-O
e5 9. dxe5 Ng4 10. Nc3 Ndxe5 11. Qb3 Be6 12. Rac1 Rb8 13. Nd4 Qh4 14. h3 Nf6 15.
Nxe6 fxe6 16. f4 Nf7 17. c5 d5 18. Bf3 Nh5 19. Ne2 Ng3 20. Bxg7 Nxe2+ 21. Bxe2
Kxg7 22. Qb2+ Qf6 23. Qd4 Qxd4 24. exd4 Nh6 25. g4 Ng8 26. Kg2 Nf6 27. Bd3 Kf7
28. Rce1 c6 29. Re2 b6 30. Rfe1 bxc5 31. bxc5 Rb4 32. g5 Nh5 33. Rf1 Rxd4 34.
Bc2 Rxf4 35. Ref2 e5 36. Ba4 Rxf2+ 37. Rxf2+ Nf4+ 38. Kg3 Rc8 39. Rb2 Ke6 40.
Rb7 d4 41. Kf3 Nd5 42. Bb3 Rf8+ 43. Ke2 Rf7 44. Rb8 Kf5 45. Rd8 Ke4 46. Rd6 Nc3+
47. Ke1 Rf3 48. Bc2+ Ke3 49. Re6 e4 50. Rxc6 Rxh3 0-1

[Event "Women's Speed Chess Q3"]
[Site "chess.com INT"]
[Date "2021.05.30"]
[Round "14"]
[White "Froewis, Annika"]
[Black "Ramirez, Maria Eugenia"]
[Result "0-1"]
[WhiteTitle "WFM"]
[BlackTitle "WFM"]
[WhiteElo "2143"]
[BlackElo "2057"]
[WhiteFideId "1621432"]
[BlackFideId "3301680"]
[EventDate "2021.05.30"]

1. e4 e5 2. Nf3 Nc6 3. Bc4 Nf6 4. d3 d5 5. exd5 Nxd5 6. O-O Be7 7. Re1 O-O 8. a4
Bg4 9. h3 Bh5 10. g4 Bg6 11. Nxe5 Nxe5 12. Rxe5 Nb6 13. Bb3 Bd6 14. Re1 Kh8 15.
Nc3 f5 16. g5 f4 17. Qf3 Qxg5+ 18. Kh2 Bh5 19. Ne4 Qa5 20. Bd2 Qe5 21. Qh1 f3+
22. Kg1 Bg6 23. Kf1 Qh5 24. Bc3 Nd5 25. Bxd5 Qxd5 26. Re3 Bf4 27. Rxf3 Bxe4 28.
dxe4 Qxe4 29. Re1 Qc4+ 30. Rd3 Rad8 31. Qg2 Bh6 32. Kg1 Rxd3 33. cxd3 Qxd3 34.
Qxb7 Qg6+ 35. Qg2 Qxg2+ 36. Kxg2 Bg5 37. Re6 Bf6 38. Bxf6 gxf6 39. Re7 Rc8 40.
Rf7 Kg8 41. Rxf6 c5 42. Rc6 Rxc6 43. Kf3 Ra6 44. Ke4 Rxa4+ 45. Kd5 Rb4 46. Kxc5
Rxb2 47. f4 Rf2 48. f5 Rxf5+ 49. Kc6 Rh5 0-1

[Event "Women's Speed Chess Q3"]
[Site "chess.com INT"]
[Date "2021.05.30"]
[Round "14"]
[White "Obregon Garcia, Roxangel"]
[Black "Gevorgyan, Maria"]
[Result "0-1"]
[WhiteTitle "WIM"]
[BlackTitle "WGM"]
[WhiteElo "2167"]
[BlackElo "2219"]
[WhiteFideId "3520420"]
[BlackFideId "13300270"]
[EventDate "2021.05.30"]

1. e4 c5 2. Nf3 Nc6 3. d4 cxd4 4. Nxd4 g6 5. Be3 Bg7 6. c4 Nf6 7. Nc3 d6 8. Be2
O-O 9. Qd2 Nxd4 10. Bxd4 a5 11. f3 a4 12. h4 Qa5 13. Nd5 Nxd5 14. Qxa5 Rxa5 15.
Bxg7 Kxg7 16. cxd5 Bd7 17. Rc1 Rc8 18. Kd2 Rac5 19. g4 Kf6 20. f4 e6 21. g5+ Ke7
22. dxe6 Bxe6 23. a3 Bb3 24. Rc3 Rxc3 25. bxc3 Rc5 26. h5 d5 27. hxg6 hxg6 28.
e5 Rc8 29. Rh7 Rd8 30. Bd3 Ke6 31. Be2 d4 32. cxd4 Rxd4+ 33. Ke3 Rd8 34. Bg4+
Ke7 35. f5 gxf5 36. Bxf5 Be6 37. Be4 Kf8 38. Bxb7 Rb8 39. Be4 Rb3+ 40. Kf4 Rxa3
41. Rh8+ Kg7 42. Rh7+ Kg8 43. g6 Ra1 44. gxf7+ Bxf7 45. Rh6 a3 46. e6 Be8 47.
Rh3 a2 48. Rg3+ Kf8 49. Ke5 Re1 50. e7+ Kxe7 51. Ra3 a1=Q+ 52. Rxa1 Rxa1 0-1

[Event "Women's Speed Chess Q3"]
[Site "chess.com INT"]
[Date "2021.05.30"]
[Round "14"]
[White "Vargas, Gabriela"]
[Black "Zhai, Mo"]
[Result "0-1"]
[WhiteTitle "WIM"]
[BlackTitle "WGM"]
[WhiteElo "2170"]
[BlackElo "2366"]
[WhiteFideId "3700860"]
[BlackFideId "8600201"]
[EventDate "2021.05.30"]

1. d4 Nf6 2. Nf3 b6 3. Bg5 e6 4. Nbd2 Bb7 5. c3 Be7 6. e3 c5 7. Bd3 Nc6 8. O-O
Rc8 9. a3 d5 10. Ne5 Nd7 11. Bxe7 Qxe7 12. Nxd7 Qxd7 13. dxc5 bxc5 14. e4 Ne5
15. Bc2 Ng6 16. exd5 Bxd5 17. Re1 O-O 18. Qh5 Bxg2 19. Rad1 Ba8 20. Ne4 Qc6 21.
Rd6 Qb7 22. Red1 h6 23. Rd7 Qxb2 24. Nd6 Qxc2 25. Nxc8 Rxc8 26. Rd8+ Rxd8 27.
Rxd8+ Kh7 28. Qd1 Qxd1+ 29. Rxd1 Bd5 30. Rb1 Nf4 31. Rb8 Ne2+ 32. Kf1 Nxc3 33.
Rc8 c4 34. Rc7 Nb5 35. Rxf7 c3 36. Ke2 Nxa3 37. Rxa7 Nb5 38. Ra5 Bc4+ 39. Kd1
Nd4 40. Kc1 Nb3+ 41. Kc2 Nxa5 42. Kxc3 Bd5 43. Kd4 Nc4 44. f4 Kg6 45. h3 Kf5 46.
Kd3 Kxf4 47. Ke2 e5 48. Kf1 e4 49. Kg1 e3 50. h4 Kf3 51. h5 e2 52. Kh2 e1=Q 53.
Kh3 Qg3# 0-1

[Event "Women's Speed Chess Q3"]
[Site "chess.com INT"]
[Date "2021.05.30"]
[Round "14"]
[White "Pham, Le Thao Nguyen"]
[Black "Vantika, Agrawal"]
[Result "0-1"]
[WhiteTitle "IM"]
[BlackTitle "WIM"]
[WhiteElo "2369"]
[BlackElo "2286"]
[WhiteFideId "12401226"]
[BlackFideId "25050389"]
[EventDate "2021.05.30"]

1. d4 Nf6 2. Nf3 g6 3. g3 Bg7 4. Bg2 O-O 5. O-O d6 6. c4 Nc6 7. d5 Na5 8. Qc2 c5
9. Nfd2 a6 10. a4 e5 11. Nc3 Ne8 12. b3 f5 13. f4 Rf6 14. e3 Rf8 15. Bb2 Nf6 16.
h3 Nh5 17. Ne2 Bd7 18. Bc3 b6 19. Kh2 Kh8 20. Bf3 Nf6 21. fxe5 dxe5 22. Bxe5
Ng4+ 23. hxg4 Bxe5 24. gxf5 Qh4+ 25. Kg2 Qg5 26. fxg6 Bf5 27. e4 Bd7 28. Rae1
Qxg6 29. Rh1 Rg8 30. Nf1 Raf8 31. Qd3 Nb7 32. Ne3 Bxg3 33. Ng4 Bxg4 34. Qc3+ Rf6
35. Bxg4 Bxe1 36. Rxe1 Qxg4+ 37. Ng3 Qg6 38. Rf1 Rf8 39. Rf5 Kg8 40. Qf3 Rxf5
41. exf5 Qf6 42. Qg4+ Kh8 43. Kh3 Nd6 44. a5 bxa5 45. Qf4 Nxf5 46. Nxf5 Qxf5+ 0-1

[Event "Women's Speed Chess Q3"]
[Site "chess.com INT"]
[Date "2021.05.30"]
[Round "14"]
[White "Zaksaite, Salomeja"]
[Black "Zuriel, Marisa"]
[Result "1-0"]
[WhiteTitle "WIM"]
[BlackTitle "WIM"]
[WhiteElo "2202"]
[BlackElo "2203"]
[WhiteFideId "12801496"]
[BlackFideId "109142"]
[EventDate "2021.05.30"]

1. e4 c5 2. Nf3 d6 3. d4 cxd4 4. Nxd4 Nf6 5. Nc3 a6 6. Bc4 e6 7. Bb3 Nbd7 8. Bg5
Nc5 9. Qe2 Be7 10. f4 Qc7 11. O-O-O h6 12. Bxf6 Bxf6 13. g4 g5 14. f5 Ke7 15.
fxe6 fxe6 16. Nf5+ exf5 17. Nd5+ Kd8 18. Nxc7 Kxc7 19. exf5 Be5 20. Rhe1 Bd7 21.
Kb1 Rhe8 22. h3 Rac8 23. Qd2 Bc6 24. Rxe5 dxe5 25. Qd6+ Kb6 26. f6 e4 27. f7 Rf8
28. Bd5 e3 29. Bxc6 bxc6 30. Re1 Rcd8 31. Qe7 e2 32. b4 Rd1+ 33. Kb2 Na4+ 34.
Kb3 Rxe1 35. Kxa4 Rb1 36. Qxe2 Rxf7 37. c4 Rf4 38. c5+ Kc7 39. Qe7+ Kc8 40. Qe8+
Kc7 41. Qe7+ Kc8 42. Qe6+ Kc7 43. Qd6+ Kb7 44. Qd7+ Kb8 45. Qxc6 Rfxb4+ 46. Ka5
Rb5+ 47. Kxa6 R1b4 48. Qxb5+ Rxb5 49. Kxb5 Kb7 50. c6+ Kc7 51. a4 Kc8 52. a5 Kb8
53. a6 Ka7 54. c7 Ka8 55. c8=Q+ Ka7 56. Qb7# 1-0

[Event "Women's Speed Chess Q3"]
[Site "chess.com INT"]
[Date "2021.05.30"]
[Round "14"]
[White "Dordzhieva, Dinara"]
[Black "Soumya, Swaminathan"]
[Result "0-1"]
[WhiteTitle "WGM"]
[BlackTitle "IM"]
[WhiteElo "2334"]
[BlackElo "2351"]
[WhiteFideId "24157570"]
[BlackFideId "5016193"]
[EventDate "2021.05.30"]

1. Nf3 Nf6 2. d4 g6 3. c4 Bg7 4. g3 O-O 5. Bg2 c5 6. d5 e6 7. Nc3 exd5 8. cxd5
d6 9. O-O Re8 10. Bf4 h6 11. Re1 g5 12. Bd2 Bf5 13. h4 g4 14. Nh2 Bg6 15. e4
Nbd7 16. Nxg4 Nxg4 17. Qxg4 h5 18. Qd1 Ne5 19. f3 Nd3 20. Re2 Nxb2 21. Qb3 Nd3
22. Rd1 c4 23. Qxb7 Rb8 24. Qa6 Rb2 25. Qxc4 Rxd2 26. Rdxd2 Qb6+ 27. Kh2 Ne5 28.
Qb3 Qc5 29. Na4 Qc7 30. Rc2 Qe7 31. Qb5 f5 32. Nc3 f4 33. Qb1 fxg3+ 34. Kxg3 Bf6
35. Kh2 Bxh4 36. Qg1 Kh7 37. Bh1 Qf6 38. Qg2 Qf4+ 39. Kg1 Rg8 40. Red2 Bf7 41.
Re2 Rxg2+ 42. Rxg2 Nxf3+ 43. Kf1 Nd2+ 44. Ke2 Nxe4 45. Nxe4 Qxe4+ 46. Kd1 Qd3+
47. Rcd2 Qb1+ 48. Ke2 Bg6 49. Rh2 Bg5 50. Rd1 Qc2+ 51. Ke1 Qxh2 52. Bf3 Qg1+ 53.
Ke2 Qe3+ 54. Kf1 Qxf3+ 55. Kg1 Be4 0-1

[Event "Women's Speed Chess Q3"]
[Site "chess.com INT"]
[Date "2021.05.30"]
[Round "14"]
[White "Zakirova, Aisha"]
[Black "Enkhtuul, Altan-Ulzii"]
[Result "0-1"]
[WhiteTitle "WCM"]
[BlackTitle "WGM"]
[WhiteElo "1585"]
[BlackElo "2228"]
[WhiteFideId "13719734"]
[BlackFideId "4901444"]
[EventDate "2021.05.30"]

1. d4 c5 2. d5 d6 3. c4 Nf6 4. Nc3 g6 5. e4 Bg7 6. Nge2 O-O 7. Ng3 Nbd7 8. Be2
Ne5 9. Be3 a6 10. f3 b5 11. cxb5 axb5 12. Bxb5 Ba6 13. Bxa6 Rxa6 14. O-O Qa5 15.
Qe2 Rb8 16. Rfb1 Rab6 17. f4 Neg4 18. Bd2 h5 19. h3 Nh6 20. e5 Ne8 21. Nce4 Qa7
22. exd6 exd6 23. Be3 Qa8 24. f5 Rxb2 25. Qf3 Rxb1+ 26. Rxb1 Rxb1+ 27. Kh2 h4
28. Ne2 Nxf5 29. Bf4 Qxd5 30. N2c3 Nd4 31. Nxd5 Nxf3+ 32. gxf3 f5 33. Nxd6 Nxd6
34. Bxd6 Rd1 35. Ne7+ Kf7 36. Bxc5 Be5+ 37. Kg2 Rd2+ 38. Kf1 Rc2 39. Bb4 Rb2 40.
Nc6 Bc7 41. Bc3 Rxa2 42. Ne5+ Bxe5 43. Bxe5 Ke6 44. Bf4 Kf6 45. Bd6 g5 46. Kg1
Rd2 47. Bc5 Rd3 48. Kg2 Ke5 49. Kg1 Kf4 50. Bb4 Kxf3 51. Be1 Rd1 52. Kf1 g4 53.
Kg1 Rxe1+ 0-1

[Event "Women's Speed Chess Q3"]
[Site "chess.com INT"]
[Date "2021.05.30"]
[Round "14"]
[White "Priyanka, K"]
[Black "Nanditha, V"]
[Result "0-1"]
[WhiteTitle "WIM"]
[BlackTitle "WCM"]
[WhiteElo "2218"]
[BlackElo "1666"]
[WhiteFideId "5082986"]
[BlackFideId "46626697"]
[EventDate "2021.05.30"]

1. e4 c6 2. Nf3 d5 3. Nc3 dxe4 4. Nxe4 Nf6 5. Qe2 Nxe4 6. Qxe4 Nd7 7. Bc4 e6 8.
d4 Nf6 9. Qe2 b5 10. Bb3 a5 11. a4 Ba6 12. O-O b4 13. Bc4 Bxc4 14. Qxc4 Qd5 15.
Qe2 Be7 16. Bf4 O-O 17. b3 Qe4 18. Qxe4 Nxe4 19. Rfe1 Nc3 20. Bd2 Nd5 21. Ne5
Rac8 22. Rad1 Bf6 23. Nd7 Rfd8 24. Nc5 Bxd4 25. Nb7 Rd7 26. Nxa5 Bf6 27. Nc4
Rcd8 28. Be3 Nxe3 29. Rxd7 Rxd7 30. Nxe3 Bc3 31. Rd1 Bd4 32. Kf1 Kf8 33. Ke2 c5
34. Nc4 Ke7 35. f3 Ra7 36. Rd3 f5 37. Rd1 g5 38. Ne3 Kf6 39. Nc4 h5 40. Nd6 Ra8
41. Nb5 Be5 42. Rd7 Bxh2 43. Nd6 Bxd6 44. Rxd6 g4 45. Rc6 Ra5 46. Kf2 Ke5 47.
f4+ Kxf4 48. Rxe6 Kg5 49. g3 h4 50. gxh4+ Kxh4 51. Rf6 Kg5 52. Rf8 Kf4 53. Rd8
Ra7 0-1

[Event "Women's Speed Chess Q3"]
[Site "chess.com INT"]
[Date "2021.05.30"]
[Round "14"]
[White "Vo, Thi Kim Phung"]
[Black "Zaichenko, Daria"]
[Result "1-0"]
[WhiteTitle "WGM"]
[BlackTitle "WFM"]
[WhiteElo "2335"]
[BlackElo "2104"]
[WhiteFideId "12401838"]
[BlackFideId "4197453"]
[EventDate "2021.05.30"]

1. d4 d5 2. c4 e6 3. Nc3 Be7 4. Nf3 Nf6 5. Bg5 h6 6. Bh4 O-O 7. e3 Ne4 8. Bxe7
Qxe7 9. Nxe4 dxe4 10. Nd2 f5 11. f3 Qg5 12. f4 Qf6 13. Be2 c5 14. Nb3 cxd4 15.
Qxd4 Qh4+ 16. g3 Qe7 17. O-O-O Nc6 18. Qd6 Qf6 19. Qc5 Ne7 20. Rd2 b6 21. Qc7
Ba6 22. Rc2 Rfc8 23. Qd6 Rc6 24. Qa3 b5 25. cxb5 Rxc2+ 26. Kxc2 Rc8+ 27. Kb1 Bb7
28. Nd4 Bd5 29. Rc1 Rxc1+ 30. Kxc1 Nc8 31. Qc5 Nb6 32. b3 g5 33. a4 gxf4 34.
gxf4 Qh4 35. Kd2 Qxh2 36. a5 Nd7 37. Qe7 Nf8 38. b6 axb6 39. axb6 Qg1 40. b7
Bxb7 41. Qxb7 Qb1 42. Qe7 Qb2+ 43. Ke1 Qc3+ 44. Kf2 Qc1 45. Nxe6 Nxe6 46. Qxe6+
Kg7 47. Qxf5 Qc2 48. Qe5+ Kg6 49. b4 Qc1 50. Qxe4+ Kg7 51. b5 Qb2 52. Qd4+ Qxd4
53. exd4 h5 54. b6 Kf6 55. b7 h4 56. b8=Q h3 57. Qe5+ Kg6 58. Kg3 Kh7 59. Kxh3
Kg8 60. Qc7 Kh8 61. Kg4 Kg8 62. Kg5 Kf8 63. Kf6 Ke8 64. Qe7# 1-0

[Event "Women's Speed Chess Q3"]
[Site "chess.com INT"]
[Date "2021.05.30"]
[Round "14"]
[White "Perez Rodriguez, Jennifer"]
[Black "Linares Napoles, Oleiny"]
[Result "0-1"]
[WhiteTitle "WIM"]
[BlackTitle "WGM"]
[WhiteElo "2251"]
[BlackElo "2255"]
[WhiteFideId "3507831"]
[BlackFideId "3504794"]
[EventDate "2021.05.30"]

1. e4 d6 2. d4 g6 3. Nc3 Bg7 4. Be3 a6 5. a4 b6 6. Qd2 Bb7 7. f3 Nd7 8. Bd3 c5
9. Nce2 Rc8 10. c3 h5 11. h4 Ngf6 12. Nh3 Qc7 13. Ng5 e5 14. d5 c4 15. Bc2 Nc5
16. O-O O-O 17. Ng3 Ra8 18. f4 exf4 19. Bxf4 Ng4 20. Bd1 Bc8 21. Be2 Nb3 22. Qc2
Nxa1 23. Rxa1 Bd7 24. Rf1 b5 25. axb5 axb5 26. Bxg4 Bxg4 27. Qd2 Ra2 28. Ne2 b4
29. Nd4 bxc3 30. Qxc3 Qb6 31. Be3 Qxb2 32. Qxb2 Rxb2 33. Rc1 Be2 34. Ngf3 Bd3
35. Ne1 Bxe4 36. Rxc4 Bxd5 37. Rc7 Rb1 38. Kf2 Re8 39. Nec2 Rb2 40. Kf1 Be4 41.
Bf2 Bxc2 42. Nxc2 Rb1+ 43. Ne1 Be5 44. Rc2 Bf4 45. Re2 Rxe2 46. Kxe2 Rb2+ 47.
Kf3 Be5 48. Nd3 Rb3 49. Ke4 Bf6 50. Be3 Kf8 51. Bf4 Ke7 52. g3 Kd7 53. Nf2 Rb4+
54. Kf3 d5 55. Nd1 Ra4 56. Ne3 Ke6 57. Ke2 d4 58. Nd1 Kd5 59. Nf2 Ra3 60. Nd3
Ke4 61. Nc5+ Kd5 62. Nd3 Kc4 63. Nb2+ Kc3 64. Nd3 Ra2+ 65. Kf3 Kxd3 66. Bg5 Bxg5 0-1

[Event "Women's Speed Chess Q3"]
[Site "chess.com INT"]
[Date "2021.05.30"]
[Round "14"]
[White "Agrest, Inna"]
[Black "Zawadzka, Jolanta"]
[Result "1/2-1/2"]
[WhiteTitle "WIM"]
[BlackTitle "WGM"]
[WhiteElo "2285"]
[BlackElo "2399"]
[WhiteFideId "1708830"]
[BlackFideId "1122320"]
[EventDate "2021.05.30"]

1. e4 c5 2. d4 cxd4 3. c3 d3 4. Bxd3 Nc6 5. Nf3 d6 6. O-O Bg4 7. Bc2 Nf6 8. h3
Bh5 9. Re1 e5 10. Nbd2 Be7 11. Nf1 O-O 12. Ng3 Bg6 13. Be3 Qc7 14. Qe2 Rad8 15.
Rad1 d5 16. Bc1 dxe4 17. Nxe4 Nxe4 18. Bxe4 Bxe4 19. Qxe4 Rfe8 20. a3 g6 21. Bh6
Bf6 22. Bg5 Rxd1 23. Rxd1 Bg7 24. Qh4 e4 25. Re1 Qd7 26. Nd2 f6 27. Be3 f5 28.
Nc4 Qe6 29. b3 Bxc3 30. Rd1 Bf6 31. Bg5 Bxg5 32. Qxg5 Qe7 33. Qg3 Ne5 34. Qc3
Nd3 35. a4 Qc5 36. Qf6 Qxf2+ 37. Kh1 Qf4 38. Nd6 Nf2+ 39. Kg1 Nxd1 40. Qf7+ Kh8
41. Qxe8+ Kg7 42. Qf7+ Kh6 43. Qf8+ Kh5 44. Nf7 Qe3+ 45. Kh1 Qe1+ 46. Kh2 Qd2
47. Qg7 h6 48. Qf6 Nf2 49. Ne5 Qf4+ 50. Kg1 Nxh3+ 51. gxh3 Qg3+ 52. Kf1 Qxh3+
53. Ke2 Qg2+ 54. Ke3 Qg3+ 55. Ke2 Qg2+ 56. Ke3 Qg1+ 57. Ke2 Qh2+ 58. Ke3 Qh3+
59. Ke2 Qxb3 60. Qxg6+ Kh4 61. Qxh6+ Kg3 62. Qg5+ Kh2 63. Qh4+ Qh3 64. Qxh3+
Kxh3 65. Ke3 Kg3 66. Ng6 Kg4 67. Nf4 Kg5 68. Nd5 Kg4 69. Nf4 Kg5 70. Nd5 Kg4 71.
Nf4 1/2-1/2

[Event "Women's Speed Chess Q3"]
[Site "chess.com INT"]
[Date "2021.05.30"]
[Round "14"]
[White "Golubenko, Valentina"]
[Black "Antonova, Nadezhda"]
[Result "1-0"]
[WhiteTitle "WGM"]
[BlackTitle "WFM"]
[WhiteElo "2209"]
[BlackElo "1877"]
[WhiteFideId "4501993"]
[BlackFideId "14700182"]
[EventDate "2021.05.30"]

1. d4 Nf6 2. Nf3 g6 3. g3 Bg7 4. Bg2 O-O 5. O-O d6 6. d5 c6 7. c4 cxd5 8. cxd5
b6 9. Nc3 Bb7 10. e4 Nbd7 11. Re1 Rc8 12. e5 dxe5 13. Nxe5 Nxe5 14. Rxe5 Nd7 15.
Re1 Nf6 16. d6 Bxg2 17. dxe7 Qxd1 18. exf8=Q+ Bxf8 19. Rxd1 Bb7 20. Bg5 Ne4 21.
Nxe4 Bxe4 22. Rd8 Rxd8 23. Bxd8 Bc5 24. Re1 f5 25. Bf6 Kf7 26. Bc3 h5 27. Rd1
Ke6 28. Rd8 a5 29. Rg8 Kf7 30. Rg7+ Ke6 31. Rxg6+ Kd5 32. Rh6 Bf3 33. Rf6 Ke4
34. Re6+ Kd3 35. Re5 Be4 36. h3 Ke2 37. g4 hxg4 38. hxg4 Bxf2+ 39. Kh2 Kf3 40.
Rxf5+ Bxf5 41. gxf5 Kf4 42. f6 Bc5 43. Kg2 Kg4 44. Kf1 Kf3 45. Ke1 Ke3 46. f7
Bd6 47. Bg7 Kd3 48. Kd1 b5 49. f8=Q Bxf8 50. Bxf8 a4 51. a3 Kc4 52. Bb4 Kb3 53.
Kc1 Ka2 54. Kc2 Ka1 55. Kc3 Ka2 56. Kc2 Ka1 57. Bc3 Ka2 58. Kd3 Kb3 59. Kd4 b4
60. axb4 a3 61. bxa3 Kxa3 62. b5 Ka4 63. b6 Ka3 64. b7 Ka4 65. b8=Q Ka3 66. Qb4+
Ka2 67. Qb2# 1-0

[Event "Women's Speed Chess Q3"]
[Site "chess.com INT"]
[Date "2021.05.30"]
[Round "14"]
[White "Golubeva, Oksana"]
[Black "Jakubowska, Anna"]
[Result "1-0"]
[WhiteTitle "WFM"]
[BlackTitle "WIM"]
[WhiteElo "2179"]
[BlackElo "2073"]
[WhiteFideId "4170164"]
[BlackFideId "1121952"]
[EventDate "2021.05.30"]

1. Nf3 f5 2. e3 Nf6 3. c4 g6 4. Nc3 Bg7 5. Qc2 O-O 6. b3 d6 7. Bb2 e5 8. d4 e4
9. Nd2 c5 10. dxc5 dxc5 11. O-O-O Qa5 12. Kb1 Nc6 13. a3 a6 14. Be2 Be6 15. f3
exf3 16. Bxf3 Rac8 17. e4 Nd4 18. Qd3 Rcd8 19. Nd5 b5 20. Bxd4 cxd4 21. b4 Qa4
22. Nb6 bxc4 23. Ndxc4 Qb5 24. e5 Ne4 25. Nd6 Rxd6 26. Qxb5 axb5 27. exd6 Nc3+
28. Kc2 Nxd1 29. Rxd1 Rd8 30. d7 Bxd7 31. Bd5+ Kf8 32. Nxd7+ Rxd7 33. Bf3 Rc7+
34. Kb1 Rc3 35. Be2 Rxa3 36. Kb2 Re3 37. Bxb5 Re5 38. Bc4 Re7 39. Kb3 Rb7 40. b5
Ke7 41. Re1+ Kd6 42. Kb4 Bf8 43. Re6+ Kd7+ 44. Ka5 Bd6 45. Rf6 Bc7+ 46. Kb4 Bd6+
47. Ka5 Bc7+ 48. b6 Bd8 49. Rf7+ Kc8 50. Ba6 Bxb6+ 51. Kb5 Bc7+ 52. Bxb7+ Kxb7
53. Rxh7 Kc8 54. Kc4 Be5 55. Re7 Bf6 56. Re6 Bg5 57. Rxg6 Be3 58. Kd3 f4 59. Rg7
Kd8 60. g3 fxg3 61. hxg3 Ke8 62. Rb7 Kf8 63. g4 Kg8 64. Ke4 Kf8 65. Rd7 Kg8 66.
Kf5 Kf8 67. g5 Ke8 68. Rd5 Kf8 69. g6 Kg8 70. Rd7 Bf2 71. Ke6 Bg1 72. Kf6 d3 73.
Rd8# 1-0

[Event "Women's Speed Chess Q3"]
[Site "chess.com INT"]
[Date "2021.05.30"]
[Round "14"]
[White "Kulkarni, Bhakti"]
[Black "Sikorova, Olga"]
[Result "0-1"]
[WhiteTitle "IM"]
[BlackTitle "WGM"]
[WhiteElo "2391"]
[BlackElo "2215"]
[WhiteFideId "5019516"]
[BlackFideId "307033"]
[EventDate "2021.05.30"]

1. d4 Nf6 2. Nf3 g6 3. g3 Bg7 4. Bg2 O-O 5. O-O d6 6. b3 Nc6 7. Bb2 a6 8. c4 Bf5
9. Nc3 Ne4 10. Nxe4 Bxe4 11. Qd2 e6 12. d5 Ne5 13. Nxe5 Bxg2 14. Nxf7 Qe7 15.
Kxg2 Rxf7 16. dxe6 Qxe6 17. Bxg7 Kxg7 18. f3 Rf5 19. e4 Rh5 20. g4 Re5 21. Qd4
Kg8 22. h3 Re8 23. Rad1 h5 24. Qc3 hxg4 25. hxg4 Re7 26. Rh1 Qf6 27. Rd5 Qf4 28.
Rxe5 Rxe5 29. Qd4 b6 30. Re1 a5 31. Qe3 Qf6 32. f4 Re8 33. e5 dxe5 34. fxe5 Qc6+
35. Qe4 Qxe4+ 36. Rxe4 Kf7 37. Rd4 Ke6 38. Rd5 Rf8 39. Kg3 g5 40. a4 Rf1 41. Rd8
Rb1 42. Re8+ Kf7 43. Rc8 Rxb3+ 44. Kf2 Ke6 45. Rxc7 Kxe5 46. Rg7 Kf4 47. Rb7 Rb4
48. Ke2 Kxg4 49. Rb8 Rxc4 50. Rxb6 Rxa4 51. Rg6 Kf4 52. Kf2 Ra2+ 53. Kg1 g4 54.
Rc6 Kg3 55. Rc3+ Kh4 56. Rd3 a4 57. Rc3 a3 58. Rd3 g3 59. Rd8 Kg4 60. Rg8+ Kf4
61. Rf8+ Ke5 62. Re8+ Kd5 63. Rd8+ Kc5 64. Rg8 Re2 65. Ra8 Kb4 66. Rb8+ Kc3 67.
Ra8 Kb2 68. Kf1 Re3 69. Kg2 Rb3 70. Ra7 a2 71. Rxa2+ Kxa2 0-1

[Event "Women's Speed Chess Q3"]
[Site "chess.com INT"]
[Date "2021.05.30"]
[Round "14"]
[White "Nguyen, Thi Thanh An"]
[Black "Li, Xueyi"]
[Result "1-0"]
[WhiteTitle "WGM"]
[BlackTitle "WGM"]
[WhiteElo "2259"]
[BlackElo "2328"]
[WhiteFideId "12400300"]
[BlackFideId "8605912"]
[EventDate "2021.05.30"]

1. d4 d5 2. Bf4 Nf6 3. e3 c5 4. c3 Nc6 5. Nd2 cxd4 6. exd4 g6 7. Bd3 Bg7 8. h3
O-O 9. Ngf3 a6 10. O-O b5 11. Re1 b4 12. Rc1 bxc3 13. Rxc3 Bd7 14. Nb3 a5 15.
Nc5 Nb4 16. Bb1 Rc8 17. a3 Nc6 18. Ba2 Ne4 19. Nxe4 dxe4 20. Rxe4 Bf5 21. Ree3
Nxd4 22. Rxc8 Nxf3+ 23. Qxf3 Bxc8 24. Be5 Bh6 25. Re1 Be6 26. Bxe6 fxe6 27. Qb3
Qd5 28. Qxd5 exd5 29. Bc3 Bg5 30. Bxa5 Rb8 31. Bc3 Bf6 32. Bxf6 exf6 33. Re2 Rb3
34. Rd2 Kf7 35. Kf1 Ke6 36. Ke2 Kd6 37. Kd1 Kc5 38. Kc2 Rb8 39. b4+ Kc4 40. Rd3
d4 41. Rf3 f5 42. g4 Re8 43. Kd2 fxg4 44. hxg4 Re4 45. g5 Re5 46. Rg3 Rf5 47. f3
Re5 48. f4 Re4 49. Rf3 d3 50. Rxd3 Rxf4 51. Rg3 Rf5 52. Ke2 Rd5 53. Kf2 Re5 54.
Kg2 Rf5 55. Kh3 Kb5 56. Kh4 Ka4 57. Re3 Rf4+ 58. Kg3 Rf5 59. Kg4 Rd5 60. Rh3
Rd4+ 61. Kg3 Rd3+ 62. Kh2 Rd5 63. Rxh7 Rxg5 64. Rh3 Rd5 65. Rg3 g5 66. Kh3 Re5
67. Kg4 Rd5 68. Kh5 Re5 69. Rxg5 Re3 70. Ra5+ Kb3 71. Kg6 Kc4 72. Kf5 Re8 73.
Kf4 Rb8 74. Rc5+ Kb3 75. Ra5 Kc4 76. Ke5 Re8+ 77. Kd6 Rd8+ 78. Kc6 Rc8+ 79. Kb7
Rh8 80. Ra6 Rh7+ 81. Kb6 Rh6+ 82. Ka5 Kb3 83. Rxh6 1-0